00763 2200241 4500001002100000005001700021008004100038035002400079082001100103090001800114100001900132245012700151260008900278300002500367500002900392650002200421700001900443700001000462850001500472980001300487985000600500999001500506YOGYA-0209000003274720090227024718.0 ind  0010-020900000032747 a959.87 a959.87bSit G aSITANALA, J. E aGeografi budaya dalam wilayah pembangunan daerah Malukucpenulis, J.E. Sitanala ... [et.al]; editor, Wisnu Subagio, Djenen aJakartabDepdikbud Proyek Inventarisasi dan Dokumentasi Kebudayaan Daerahc1979/1980 a106 hlmbilusc24 cm aBibliografi : hlm. 97-98 aKebudayaan Maluku aSubagio, Wisnu aJenen aYOPDYOG(B) a23-01-07 a1 a06A0014720